[Event "Calvia Amateur op 11th"]
[Site "Calvia"]
[Date "2014.10.12"]
[Round "9"]
[White "Obers, Frits"]
[Black "Sokalsky, Alexander"]
[Result "1/2-1/2"]
[WhiteElo "2081"]
[BlackElo "2238"]
[PlyCount "27"]
[EventDate "2014.10.04"]
[EventType "swiss"]
[EventRounds "9"]
[EventCountry "ESP"]
[SourceTitle "EXT 2015"]
[Source "ChessBase"]
[SourceDate "2014.11.20"]
[SourceVersion "1"]
[SourceVersionDate "2014.11.20"]
[SourceQuality "1"]

1. c4 Nf6 2. g3 c6 3. Nf3 d5 4. b3 g6 5. Bb2 Bg7 6. Bg2 0-0 7. 0-0 Na6 8. cxd5 cxd5 9. d3 Bd7 10. Nbd2 Nb4 11. a3 Nc6 12. b4 e6 13. Nb3 Ne7 14. a4 1/2-1/2

[Event "Calvia Amateur op 10th"]
[Site "Calvia"]
[Date "2013.10.11"]
[Round "7"]
[White "Voiteanu, Christian Gabriel"]
[Black "Sokalsky, Alexander"]
[Result "1-0"]
[WhiteElo "2251"]
[BlackElo "2257"]
[PlyCount "84"]
[EventDate "2013.10.05"]
[EventType "swiss"]
[EventRounds "9"]
[EventCountry "ESP"]
[SourceTitle "EXT 2014"]
[Source "ChessBase"]
[SourceDate "2013.11.20"]
[SourceVersion "1"]
[SourceVersionDate "2013.11.20"]
[SourceQuality "1"]

1. d4 e6 2. Nf3 d5 3. g3 c6 4. Bg2 f5 5. 0-0 Nf6 6. c4 Bd6 7. b3 Qe7 8. Bb2 0-0 9. Qc1 Bd7 10. Ba3 Bxa3 11. Qxa3 Qxa3 12. Nxa3 a5 13. Nc2 Na6 14. Ne5 Rfd8 15. a3 Be8 16. e3 Bh5 17. f3 Nd7 18. Nd3 Bf7 19. c5 Nc7 20. b4 axb4 21. axb4 Nb5 22. Rxa8 Rxa8 23. Ra1 Rxa1+ 24. Nxa1 e5 25. Nxe5 Nxe5 26. dxe5 d4 27. Bf1 Nc3 28. exd4 Na2 29. b5 Nb4 30. f4 Kf8 31. Kf2 Ke7 32. Ke3 h6 33. h4 Bd5 34. Kd2 Ke6 35. Kc3 Na2+ 36. Kb2 cxb5 37. Bxb5 Nb4 38. Nc2 Nc6 39. Kc3 Ne7 40. Ne3 Be4 41. Bc4+ Kd7 42. d5 Ke8 1-0

[Event "Calvia Amateur op 10th"]
[Site "Calvia"]
[Date "2013.10.08"]
[Round "4"]
[White "Sokalsky, Alexander"]
[Black "Svensson, Mikael"]
[Result "1-0"]
[WhiteElo "2257"]
[BlackElo "2036"]
[PlyCount "93"]
[EventDate "2013.10.05"]
[EventType "swiss"]
[EventRounds "9"]
[EventCountry "ESP"]
[SourceTitle "EXT 2014"]
[Source "ChessBase"]
[SourceDate "2013.11.20"]
[SourceVersion "1"]
[SourceVersionDate "2013.11.20"]
[SourceQuality "1"]

1. d4 e6 2. g3 f5 3. Bg2 Nf6 4. c4 c6 5. Nd2 d5 6. Nh3 Bd6 7. 0-0 0-0 8. b3 b6 9. Bb2 Bb7 10. Qc2 Qe7 11. Rad1 Na6 12. Nf4 Nb4 13. Qb1 a5 14. Nd3 Rac8 15. Ne5 Ne4 16. Nxe4 fxe4 17. f3 Bxe5 18. dxe5 dxc4 19. a3 Nd5 20. bxc4 Ne3 21. Qxe4 Nxd1 22. Rxd1 Rcd8 23. Rc1 Rd2 24. Bc3 Rd7 25. Bh3 Rfd8 26. Kg2 Rd1 27. Rxd1 Rxd1 28. Qc2 Rd8 29. Qb3 Ba6 30. Qxb6 Bxc4 31. Bxa5 Rc8 32. Bb4 Qd7 33. Qe3 Qd5 34. Bd6 Ra8 35. Kf2 Qd1 36. Bf1 Qb3 37. Qg5 Qb6+ 38. Kg2 Qd8 39. Qc1 Bb5 40. h4 Ra4 41. h5 Rc4 42. Qd2 Ba4 43. h6 g5 44. Qe3 g4 45. Qa7 gxf3+ 46. exf3 Qg5 47. Bxc4 1-0

[Event "Calvia Amateur op 10th"]
[Site "Calvia"]
[Date "2013.10.06"]
[Round "2"]
[White "Sokalsky, Alexander"]
[Black "Dzubasz, Tino"]
[Result "0-1"]
[WhiteElo "2257"]
[BlackElo "2058"]
[PlyCount "88"]
[EventDate "2013.10.05"]
[EventType "swiss"]
[EventRounds "9"]
[EventCountry "ESP"]
[SourceTitle "EXT 2014"]
[Source "ChessBase"]
[SourceDate "2013.11.20"]
[SourceVersion "1"]
[SourceVersionDate "2013.11.20"]
[SourceQuality "1"]

1. Nf3 d5 2. d4 Nf6 3. g3 c5 4. Bg2 cxd4 5. 0-0 g6 6. Nxd4 Bg7 7. Nb3 0-0 8. c4 dxc4 9. Qxd8 Rxd8 10. Na5 Nc6 11. Nxc6 bxc6 12. Bxc6 Bh3 13. Re1 Rac8 14. Bf3 Nd5 15. Bxd5 Rxd5 16. Nc3 Rd7 17. a4 Rb8 18. a5 Rb3 19. a6 Rxc3 20. bxc3 Bxc3 21. Ba3 Bxe1 22. Rxe1 c3 23. f3 c2 24. Rc1 Rd1+ 25. Kf2 Rxc1 26. Bxc1 Bc8 27. Ke1 Bxa6 28. Kd2 Bb5 29. e3 Bc6 30. e4 f5 31. Kxc2 fxe4 32. f4 Kf7 33. Kc3 Kf6 34. Kd4 Kf5 35. h3 h5 36. Ba3 h4 37. gxh4 Kxf4 38. Bxe7 Kf3 39. Bg5 a5 40. Bh6 a4 41. Bc1 Kf2 42. Be3+ Ke2 43. Bc1 Kd1 44. Ba3 Kc2 0-1

[Event "NRW Class1 1213"]
[Site "Germany"]
[Date "2013.03.10"]
[Round "7.7"]
[White "Weber, Franz Josef"]
[Black "Sokalsky, Alexander"]
[Result "1/2-1/2"]
[WhiteElo "1989"]
[BlackElo "2218"]
[PlyCount "91"]
[EventDate "2012.09.16"]
[EventType "team-tourn"]
[EventRounds "9"]
[EventCountry "GER"]
[SourceTitle "EXT 2017"]
[Source "ChessBase"]
[SourceDate "2016.10.25"]
[SourceVersion "1"]
[SourceVersionDate "2016.10.25"]
[SourceQuality "1"]
[WhiteTeam "Langenfeld"]
[BlackTeam "Castrop Rauxel"]
[WhiteTeamCountry "GER"]
[BlackTeamCountry "GER"]

1. e4 c5 2. Nf3 a6 3. d4 cxd4 4. Nxd4 Nf6 5. Bd3 e5 6. Nb3 d6 7. 0-0 Be7 8. c4 Be6 9. Nc3 Nbd7 10. Qe2 Rc8 11. Nd5 0-0 12. Bd2 b6 13. h3 Re8 14. Be3 Nc5 15. Nd2 a5 16. Nc3 Nfd7 17. Bc2 Nb8 18. a3 Nc6 19. Rab1 Bg5 20. b4 axb4 21. axb4 Bxe3 22. fxe3 Nd7 23. Nb5 Nf6 24. Rfd1 Qe7 25. Ba4 Red8 26. Nc3 Qa7 27. Bb5 Qb8 28. Nf3 Ne7 29. Qd3 Qc7 30. Nd2 Ra8 31. Ra1 Rxa1 32. Rxa1 h6 33. Ra6 Nc8 34. Nf3 Rf8 35. Nd2 Rd8 36. Qc2 Rf8 37. Qa4 Qe7 38. Qd1 Qc7 39. Qe2 Ne7 40. Na4 Rb8 41. Qd3 Ng6 42. Nc3 Kh8 43. Nf3 Rc8 44. Nd2 Rb8 45. Ra1 Kg8 46. Nf3 1/2-1/2

[Event "Calvia Amateur op 9th"]
[Site "Calvia"]
[Date "2012.10.10"]
[Round "5"]
[White "Gromovs, Sergejs"]
[Black "Sokalsky, Alexander"]
[Result "1-0"]
[WhiteElo "2169"]
[BlackElo "2210"]
[PlyCount "81"]
[EventDate "2012.10.06"]
[EventType "swiss"]
[EventRounds "9"]
[EventCountry "ESP"]
[SourceTitle "EXT 2013"]
[Source "ChessBase"]
[SourceDate "2012.11.22"]
[SourceVersion "1"]
[SourceVersionDate "2012.11.22"]
[SourceQuality "1"]

1. d4 Nf6 2. c4 e6 3. Nf3 d5 4. Nc3 Be7 5. Bf4 0-0 6. e3 Nbd7 7. Qc2 c6 8. a3 b6 9. cxd5 exd5 10. Bd3 Bb7 11. 0-0 h6 12. Ne2 Re8 13. Ng3 Bf8 14. h4 Qe7 15. Nf5 Qe6 16. Ne5 c5 17. f3 c4 18. Be2 Nxe5 19. Bxe5 g6 20. g4 Nd7 21. f4 gxf5 22. gxf5 Qe7 23. f6 Nxf6 24. f5 Bg7 25. Rf4 Nd7 26. f6 Nxf6 27. Raf1 Qe6 28. Rxf6 Bxf6 29. Rxf6 Qh3 30. Rg6+ Kf8 31. Bd6+ Re7 32. Rg3 Qe6 33. Qh7 Ke8 34. Bg4 f5 35. Bxf5 Rxh7 36. Bxe6 Rh8 37. Rg7 Bc6 38. Rc7 Bb5 39. Bxd5 Rb8 40. Rxa7 Rc8 41. Bf7+ 1-0

[Event "Calvia Amateur op 9th"]
[Site "Calvia"]
[Date "2012.10.09"]
[Round "4"]
[White "Sokalsky, Alexander"]
[Black "Andersen, Lars Even"]
[Result "1/2-1/2"]
[WhiteElo "2210"]
[BlackElo "2291"]
[PlyCount "229"]
[EventDate "2012.10.06"]
[EventType "swiss"]
[EventRounds "9"]
[EventCountry "ESP"]
[SourceTitle "EXT 2013"]
[Source "ChessBase"]
[SourceDate "2012.11.22"]
[SourceVersion "1"]
[SourceVersionDate "2012.11.22"]
[SourceQuality "1"]

1. Nf3 Nf6 2. b3 g6 3. Bb2 Bg7 4. c4 0-0 5. g3 c5 6. Bg2 Nc6 7. 0-0 Rb8 8. d3 a6 9. Nbd2 b5 10. Rc1 d6 11. Bc3 Bb7 12. e3 Nb4 13. Bxb4 cxb4 14. Nd4 bxc4 15. dxc4 Bxg2 16. Kxg2 Rc8 17. Qf3 Qd7 18. Ne4 Nxe4 19. Qxe4 Rc5 20. Nf3 a5 21. Rcd1 a4 22. h4 axb3 23. axb3 Ra5 24. Rh1 Rfa8 25. c5 Qc7 26. cxd6 exd6 27. Qxb4 R5a6 28. h5 Rb6 29. Qe4 Rab8 30. hxg6 hxg6 31. Rd3 Rb4 32. Qd5 R4b5 33. Qxd6 Qxd6 34. Rxd6 Rxb3 35. Rhd1 R3b7 36. Rd7 Bf6 37. Rxb7 Rxb7 38. Rd2 Kg7 39. Rc2 Rd7 40. Nh2 Kf8 41. f4 Ra7 42. e4 Bd4 43. Nf3 Bf6 44. Kh3 Rb7 45. Kg4 Kg7 46. Rc8 Ra7 47. e5 Be7 48. Nd4 Rd7 49. Nc6 Bf8 50. Nb8 Rb7 51. Nc6 Rd7 52. Kf3 Be7 53. g4 Ba3 54. f5 gxf5 55. gxf5 Rb7 56. Kg4 Rb1 57. f6+ Kh7 58. Rc7 Kg6 59. Nd8 Rb4+ 60. Kf3 Bb2 61. Nxf7 Bxe5 62. Nxe5+ Kxf6 63. Ng4+ Ke6 64. Rc3 Ra4 65. Rd3 Rb4 66. Nf2 Ra4 67. Ne4 Ra1 68. Rd2 Ke5 69. Nc5 Ra3+ 70. Kg4 Ra1 71. Nd7+ Ke6 72. Nf8+ Ke7 73. Ng6+ Ke6 74. Nf4+ Ke5 75. Ng6+ Ke6 76. Nh4 Ra4+ 77. Kg5 Ra5+ 78. Kg6 Ke5 79. Rd8 Ke4 80. Re8+ Re5 81. Ra8 Rb5 82. Nf5 Rb1 83. Ra4+ Ke5 84. Ra5+ Ke4 85. Nd6+ Kd4 86. Kf6 Rf1+ 87. Nf5+ Kc4 88. Re5 Ra1 89. Ke6 Rh1 90. Nd6+ Kd4 91. Re4+ Kd3 92. Ke5 Rh8 93. Rd4+ Kc3 94. Nb5+ Kb3 95. Kd5 Rh5+ 96. Kc6 Rh6+ 97. Kc5 Rh5+ 98. Kb6 Rh8 99. Nd6 Kc3 100. Rd5 Kb4 101. Rd3 Rh6 102. Kc6 Rh5 103. Rf3 Rc5+ 104. Kb6 Rh5 105. Rg3 Rh8 106. Rd3 Rh5 107. Rf3 Rh8 108. Kc6 Rh5 109. Rf4+ Kc3 110. Nf5 Rh8 111. Kd5 Rd8+ 112. Nd6 Kd3 113. Rf3+ Ke2 114. Rg3 Rb8 115. Ke4 1/2-1/2

[Event "NRW Class1 1112"]
[Site "Germany"]
[Date "2012.02.05"]
[Round "6.5"]
[White "Buendgen, Achim"]
[Black "Sokalsky, Alexander"]
[Result "1/2-1/2"]
[WhiteElo "2189"]
[BlackElo "2155"]
[PlyCount "83"]
[EventDate "2011.09.18"]
[EventType "team-tourn"]
[EventRounds "9"]
[EventCountry "GER"]
[SourceTitle "EXT 2015"]
[Source "ChessBase"]
[SourceDate "2014.11.20"]
[SourceVersion "1"]
[SourceVersionDate "2014.11.20"]
[SourceQuality "1"]
[WhiteTeam "Rheine Klein Berlin"]
[BlackTeam "Castrop Rauxel"]
[WhiteTeamCountry "GER"]
[BlackTeamCountry "GER"]

1. e4 c6 2. d4 d5 3. f3 g6 4. Nc3 Bg7 5. Be3 a6 6. Qd2 b5 7. Nge2 e6 8. h4 Nd7 9. h5 Nb6 10. b3 Bb7 11. e5 Qc7 12. a4 Nd7 13. axb5 cxb5 14. Nd1 Ne7 15. g4 Nc6 16. hxg6 hxg6 17. Rxh8+ Bxh8 18. c3 Bg7 19. Nf4 0-0-0 20. Nf2 Rh8 21. N4d3 Kb8 22. Nh3 Bf8 23. Bg2 Be7 24. Bg5 Qd8 25. Bxe7 Qxe7 26. Qg5 Qf8 27. b4 Kc7 28. Ke2 Qd8 29. Qxd8+ Kxd8 30. Ng5 Ke7 31. Kf2 Rc8 32. f4 Nd8 33. Ra3 Nc6 34. f5 gxf5 35. gxf5 Rg8 36. Nh3 Bc8 37. Nhf4 Rg5 38. fxe6 fxe6 39. Ra1 Rg7 40. Rh1 Nd8 41. Rh8 Nf8 42. Bf3 1/2-1/2

[Event "Calvia Amateur op 8th"]
[Site "Calvia"]
[Date "2011.10.15"]
[Round "8"]
[White "Sanchez Jerez, Emilio Miguel"]
[Black "Sokalsky, Alexander"]
[Result "1-0"]
[WhiteElo "2275"]
[BlackElo "2226"]
[PlyCount "55"]
[EventDate "2011.10.08"]
[EventType "swiss"]
[EventRounds "9"]
[EventCountry "ESP"]
[SourceTitle "CBM 144 Extra"]
[Source "ChessBase"]
[SourceDate "2011.10.28"]
[SourceVersion "1"]
[SourceVersionDate "2011.10.28"]
[SourceQuality "1"]

1. e4 c5 2. Nc3 Nc6 3. Nge2 g6 4. d4 cxd4 5. Nxd4 Bg7 6. Be3 d6 7. Qd2 Nf6 8. f3 Bd7 9. 0-0-0 Nxd4 10. Bxd4 Bc6 11. Kb1 a6 12. g4 h6 13. h4 Qc7 14. Bh3 e5 15. Be3 Rd8 16. g5 Ng8 17. Qf2 Qe7 18. Bg4 h5 19. Bh3 Bf8 20. Bb6 Ra8 21. Rhe1 f6 22. f4 fxg5 23. hxg5 Rh7 24. f5 Qxg5 25. Rg1 Qf4 26. Qg2 Nf6 27. Rdf1 Qh6 28. fxg6 1-0

[Event "Calvia Amateur op 8th"]
[Site "Calvia"]
[Date "2011.10.14"]
[Round "7"]
[White "Sokalsky, Alexander"]
[Black "Diaz Nunez, Adolfo"]
[Result "1/2-1/2"]
[WhiteElo "2226"]
[BlackElo "2229"]
[PlyCount "86"]
[EventDate "2011.10.08"]
[EventType "swiss"]
[EventRounds "9"]
[EventCountry "ESP"]
[SourceTitle "CBM 144 Extra"]
[Source "ChessBase"]
[SourceDate "2011.10.28"]
[SourceVersion "1"]
[SourceVersionDate "2011.10.28"]
[SourceQuality "1"]

1. b3 d5 2. Bb2 Nf6 3. Nf3 Bg4 4. h3 Bxf3 5. gxf3 Nbd7 6. e3 e6 7. Nc3 g6 8. Bg2 Bg7 9. Qe2 c6 10. f4 Qc7 11. Rg1 0-0 12. Nd1 a5 13. a4 Rfe8 14. Kf1 e5 15. fxe5 Nxe5 16. d4 Ned7 17. Nc3 Nf8 18. Bf3 Ne6 19. Qd2 h6 20. Re1 Ng5 21. Bg2 Rad8 22. Re2 Bf8 23. Qd3 Bg7 24. Rh1 Rd7 25. Ke1 Nge4 26. Kd1 Nxc3+ 27. Bxc3 b5 28. Qd2 b4 29. Bb2 Ne4 30. Bxe4 Rxe4 31. Kc1 Kh7 32. Kb1 Qd8 33. Qd3 Qb6 34. Rg1 Rde7 35. Rd2 R7e6 36. Rg4 h5 37. Rxe4 Rxe4 38. Rd1 f5 39. Rg1 Qc7 40. Rg2 Qb6 41. Qf1 Re6 42. Qd3 Qb7 43. Rg1 Qb6 1/2-1/2

[Event "Calvia Amateur op 8th"]
[Site "Calvia"]
[Date "2011.10.11"]
[Round "4"]
[White "Rhein, Klaus"]
[Black "Sokalsky, Alexander"]
[Result "0-1"]
[WhiteElo "2126"]
[BlackElo "2226"]
[PlyCount "132"]
[EventDate "2011.10.08"]
[EventType "swiss"]
[EventRounds "9"]
[EventCountry "ESP"]
[SourceTitle "CBM 144 Extra"]
[Source "ChessBase"]
[SourceDate "2011.10.28"]
[SourceVersion "1"]
[SourceVersionDate "2011.10.28"]
[SourceQuality "1"]

1. e4 c6 2. d4 d5 3. exd5 cxd5 4. c4 Nf6 5. Nc3 g6 6. cxd5 Bg7 7. Qb3 0-0 8. g3 Nbd7 9. Bg2 Nb6 10. Nge2 Bf5 11. Nf4 Qd7 12. 0-0 g5 13. Nfe2 h6 14. Rd1 Rfd8 15. Be3 Nbxd5 16. Nxd5 Nxd5 17. Bxd5 Qxd5 18. Qxd5 Rxd5 19. Rac1 Rd7 20. f3 b6 21. g4 Be6 22. b3 Rad8 23. Rd2 f5 24. f4 fxg4 25. fxg5 hxg5 26. Bxg5 Bf5 27. Kf2 Kf7 28. Bh4 Bh6 29. Rcd1 Bxd2 30. Rxd2 Rc8 31. Ke3 Rc2 32. Bg3 Rxd2 33. Kxd2 Rd8 34. Be5 Rc8 35. Nc3 Ke8 36. b4 Kd7 37. a4 Rc4 38. b5 e6 39. Bf6 Kc8 40. Be5 Kb7 41. Bf6 Bg6 42. Be5 Rc8 43. Bf4 Rh8 44. Kc1 Rf8 45. Bg3 Bd3 46. Kb2 Rf3 47. d5 exd5 48. Nxd5 Bc4 49. Nc3 Rd3 50. Be5 Re3 51. Bg3 Be6 52. Kc2 Rf3 53. Kb2 Rf1 54. Ne4 Bd5 55. Nc3 Bf3 56. Kc2 Kc8 57. Kb3 Bb7 58. Kc4 Rf3 59. Kb3 Rf7 60. Kb4 Bf3 61. a5 bxa5+ 62. Kxa5 Kb7 63. Kb4 Re7 64. Kc4 Re8 65. Kb4 Rd8 66. Kc4 Rd2 0-1

[Event "Calvia Amateur op 7th"]
[Site "Calvia"]
[Date "2010.10.16"]
[Round "8"]
[White "Nilsson, Victor"]
[Black "Sokalsky, Alexander"]
[Result "1-0"]
[WhiteElo "2151"]
[BlackElo "2226"]
[PlyCount "83"]
[EventDate "2010.10.09"]
[EventType "swiss"]
[EventRounds "9"]
[EventCountry "ESP"]
[SourceTitle "EXT 2011"]
[Source "ChessBase"]
[SourceDate "2010.11.26"]
[SourceVersion "1"]
[SourceVersionDate "2010.11.26"]
[SourceQuality "1"]

1. d4 Nf6 2. Nf3 e6 3. g3 d5 4. c4 Be7 5. Bg2 0-0 6. 0-0 dxc4 7. Ne5 Nc6 8. Bxc6 bxc6 9. Nxc6 Qe8 10. Nxe7+ Qxe7 11. Qa4 e5 12. dxe5 Qxe5 13. Nc3 Be6 14. Bf4 Qh5 15. f3 Qc5+ 16. Kg2 Rab8 17. Rab1 a5 18. Qc2 h6 19. e4 Rfe8 20. Qf2 Qxf2+ 21. Rxf2 Rb7 22. Rd1 Rc8 23. Rd4 g5 24. Bc1 Ne8 25. Nd5 Kg7 26. Rc2 Nf6 27. Ne3 c5 28. Rd6 g4 29. Ra6 gxf3+ 30. Kxf3 Rb5 31. a4 Rb3 32. Rxa5 Ng4 33. Kf4 h5 34. Nd5 Re8 35. Rxc5 Nf6 36. Nxf6 Kxf6 37. Rxh5 Ra8 38. a5 Rg8 39. Rc3 Rg4+ 40. Kf3 Rb4 41. Rh6+ Ke7 42. Rxe6+ 1-0

[Event "Calvia Amateur op 7th"]
[Site "Calvia"]
[Date "2010.10.12"]
[Round "4"]
[White "Serarols Mabras, Bernat"]
[Black "Sokalsky, Alexander"]
[Result "0-1"]
[WhiteElo "1817"]
[BlackElo "2226"]
[PlyCount "62"]
[EventDate "2010.10.09"]
[EventType "swiss"]
[EventRounds "9"]
[EventCountry "ESP"]
[SourceTitle "EXT 2011"]
[Source "ChessBase"]
[SourceDate "2010.11.26"]
[SourceVersion "1"]
[SourceVersionDate "2010.11.26"]
[SourceQuality "1"]

1. d4 Nf6 2. c4 e6 3. Nc3 Bb4 4. Qc2 0-0 5. a3 Bxc3+ 6. Qxc3 h6 7. e3 d6 8. Bd3 e5 9. Ne2 Re8 10. 0-0 Nbd7 11. b4 e4 12. Bc2 c6 13. Bb3 d5 14. a4 Nf8 15. b5 Ng6 16. Ng3 h5 17. Bd1 h4 18. Nh5 Nxh5 19. Bxh5 Qg5 20. Bxg6 Bh3 21. g3 Qxg6 22. Qe1 Re6 23. cxd5 cxd5 24. f4 Bxf1 25. Kxf1 hxg3 26. Qxg3 Qh5 27. Ba3 Rg6 28. Qf2 Qh3+ 29. Ke2 Rg2 30. Rf1 Qf3+ 31. Ke1 Rxf2 0-1

[Event "Calvia Amateur op 7th"]
[Site "Calvia"]
[Date "2010.10.11"]
[Round "3"]
[White "Sokalsky, Alexander"]
[Black "Christiansen, Johan Sebastian"]
[Result "1/2-1/2"]
[WhiteElo "2226"]
[BlackElo "1899"]
[PlyCount "87"]
[EventDate "2010.10.09"]
[EventType "swiss"]
[EventRounds "9"]
[EventCountry "ESP"]
[SourceTitle "EXT 2011"]
[Source "ChessBase"]
[SourceDate "2010.11.26"]
[SourceVersion "1"]
[SourceVersionDate "2010.11.26"]
[SourceQuality "1"]

1. Nf3 Nf6 2. d4 e6 3. g3 b6 4. Bg2 Bb7 5. 0-0 g6 6. c4 Bg7 7. Nc3 0-0 8. b3 Ne4 9. Bb2 c5 10. Na4 Nc6 11. dxc5 Bxb2 12. Nxb2 Nxc5 13. Nd3 Ne4 14. Rc1 Qe7 15. Nd2 Nxd2 16. Qxd2 Rfd8 17. Nf4 Na5 18. Bxb7 Nxb7 19. Rfd1 Rac8 20. Qb2 Na5 21. Rc2 Nc6 22. Rcd2 Rc7 23. h4 h5 24. Kg2 Na5 25. Kh2 Nb7 26. Kg2 Nc5 27. f3 Nb7 28. Nh3 Rc5 29. Ng5 d5 30. cxd5 Rcxd5 31. Ne4 Rxd2 32. Rxd2 Rxd2 33. Qxd2 Nc5 34. Qb4 Kf8 35. Qd4 e5 36. Qd5 Nxe4 37. Qxe4 f5 38. Qd5 Kg7 39. Qc6 f4 40. Qe4 fxg3 41. Kxg3 Qc5 42. Kg2 Qe7 43. Kg3 Qc5 44. Kg2 1/2-1/2

[Event "Calvia Amateur op 7th"]
[Site "Calvia"]
[Date "2010.10.10"]
[Round "2"]
[White "Knudsen, Jes West"]
[Black "Sokalsky, Alexander"]
[Result "1-0"]
[WhiteElo "1996"]
[BlackElo "2226"]
[PlyCount "121"]
[EventDate "2010.10.09"]
[EventType "swiss"]
[EventRounds "9"]
[EventCountry "ESP"]
[SourceTitle "EXT 2011"]
[Source "ChessBase"]
[SourceDate "2010.11.26"]
[SourceVersion "1"]
[SourceVersionDate "2010.11.26"]
[SourceQuality "1"]

1. e4 c5 2. Nf3 e6 3. Nc3 Nc6 4. Bb5 Nge7 5. d4 cxd4 6. Nxd4 Qc7 7. 0-0 Nxd4 8. Qxd4 Nc6 9. Qc4 a6 10. Bxc6 Qxc6 11. Qxc6 bxc6 12. Na4 Rb8 13. c3 d6 14. Be3 Bd7 15. Nb6 c5 16. Nxd7 Kxd7 17. b3 Kc6 18. c4 Be7 19. f4 a5 20. f5 Bf6 21. Rad1 a4 22. Rd3 axb3 23. axb3 Ra8 24. Rfd1 Be5 25. g3 Ra2 26. fxe6 fxe6 27. Kh1 Rha8 28. Bf4 Bd4 29. b4 e5 30. Be3 Ra1 31. b5+ Kb6 32. Bg5 Kc7 33. Rxa1 Rxa1+ 34. Kg2 Ra2+ 35. Rd2 Ra4 36. Rc2 Ra1 37. Bd2 Kb6 38. h4 h5 39. Bc3 Ra3 40. Bd2 Ra1 41. Bc3 Ra4 42. Bd2 Ra3 43. Bc1 Ra1 44. Bd2 g6 45. Bc3 Ra4 46. Bd2 Ra3 47. Bc1 Rd3 48. Ra2 Rc3 49. Ra6+ Kb7 50. Bg5 Rxc4 51. Rxd6 Rb4 52. Rxg6 Rxb5 53. g4 Rb2+ 54. Kg3 Rb3+ 55. Kg2 hxg4 56. h5 Rh3 57. h6 c4 58. Rg7+ Kc6 59. h7 c3 60. Rg6+ Kb5 61. Rh6 1-0

[Event "Kesarovski Georgiev Memorial 9th"]
[Site "Sunny Beach"]
[Date "2010.09.05"]
[Round "9"]
[White "Bassel, Charaf"]
[Black "Sokalsky, Alexander"]
[Result "0-1"]
[WhiteElo "2089"]
[BlackElo "2211"]
[PlyCount "64"]
[EventDate "2010.08.28"]
[EventType "swiss"]
[EventRounds "9"]
[EventCountry "BUL"]
[SourceTitle "CBM 138 Extra"]
[Source "ChessBase"]
[SourceDate "2010.10.29"]
[SourceVersion "1"]
[SourceVersionDate "2010.10.29"]
[SourceQuality "1"]

1. Nc3 c5 2. Nf3 Nc6 3. e4 g6 4. g3 Bg7 5. Bg2 d6 6. 0-0 Nf6 7. d4 cxd4 8. Nxd4 Bd7 9. h3 0-0 10. Nb3 Rc8 11. f4 a6 12. g4 Be6 13. g5 Nd7 14. Be3 b5 15. Nd4 Nxd4 16. Bxd4 Bxd4+ 17. Qxd4 Qb6 18. Rad1 b4 19. Na4 Qb5 20. b3 Rxc2 21. f5 Qe2 22. Rf2 Qxf2+ 23. Qxf2 Rxf2 24. Kxf2 gxf5 25. Rc1 Ne5 26. Ke3 f4+ 27. Kd4 Rc8 28. Rxc8+ Bxc8 29. Nb6 Be6 30. Na8 a5 31. Nc7 Kg7 32. h4 Kg6 0-1

[Event "Kesarovski Georgiev Memorial 9th"]
[Site "Sunny Beach"]
[Date "2010.09.01"]
[Round "5"]
[White "Georgiev, Krum"]
[Black "Sokalsky, Alexander"]
[Result "0-1"]
[WhiteElo "2445"]
[BlackElo "2211"]
[PlyCount "72"]
[EventDate "2010.08.28"]
[EventType "swiss"]
[EventRounds "9"]
[EventCountry "BUL"]
[SourceTitle "CBM 138 Extra"]
[Source "ChessBase"]
[SourceDate "2010.10.29"]
[SourceVersion "1"]
[SourceVersionDate "2010.10.29"]
[SourceQuality "1"]

1. e4 c5 2. Nf3 e6 3. b3 Nc6 4. Bb2 a6 5. c4 d6 6. d4 cxd4 7. Nxd4 Nf6 8. Nc3 Qa5 9. Qd2 Nxd4 10. Qxd4 Bd7 11. Be2 Bc6 12. 0-0 Be7 13. Rad1 0-0 14. Kh1 Rac8 15. a3 Qc5 16. Qd3 b5 17. cxb5 axb5 18. b4 Qb6 19. f3 Rb8 20. f4 Rfd8 21. Qg3 Bf8 22. Bd3 Ne8 23. Qh3 Qb7 24. Bb1 g6 25. f5 Ng7 26. Rf4 Nh5 27. Rh4 e5 28. Ba2 Bg7 29. Rf1 Kh8 30. Nd5 Bxd5 31. Bxd5 Qe7 32. Bc1 Bf6 33. Rxh5 gxh5 34. Qxh5 Rg8 35. Rf3 Rbc8 36. Be3 Rg7 0-1

[Event "Kesarovski Georgiev Memorial 9th"]
[Site "Sunny Beach"]
[Date "2010.08.29"]
[Round "2"]
[White "Sokalsky, Alexander"]
[Black "Drenchev, Petar"]
[Result "0-1"]
[WhiteElo "2211"]
[BlackElo "2514"]
[PlyCount "64"]
[EventDate "2010.08.28"]
[EventType "swiss"]
[EventRounds "9"]
[EventCountry "BUL"]
[SourceTitle "CBM 138 Extra"]
[Source "ChessBase"]
[SourceDate "2010.10.29"]
[SourceVersion "1"]
[SourceVersionDate "2010.10.29"]
[SourceQuality "1"]

1. Nf3 Nf6 2. b3 g6 3. Bb2 Bg7 4. e3 d6 5. c4 0-0 6. Be2 e5 7. d3 Nc6 8. Nbd2 Nd7 9. Rb1 f5 10. h4 h6 11. a3 a5 12. Qc2 Nf6 13. c5 Be6 14. Nc4 Ng4 15. cxd6 cxd6 16. e4 Rc8 17. Qd1 d5 18. exf5 gxf5 19. Ne3 Qb6 20. Bc1 e4 21. Nh2 Nxf2 22. Kxf2 f4 23. Rf1 fxe3+ 24. Kg1 Rxf1+ 25. Nxf1 exd3 26. Qxd3 d4 27. Ng3 Ne5 28. Qe4 Qc6 29. Bd3 Nxd3 30. Qxd3 Qc2 31. Qe4 Qxe4 32. Nxe4 Bd5 0-1

[Event "Wroclaw op 5th"]
[Site "Wroclaw"]
[Date "2010.06.28"]
[Round "4"]
[White "Sokalsky, Alexander"]
[Black "Strzemiecki, Zbigniew"]
[Result "0-1"]
[WhiteElo "2217"]
[BlackElo "2381"]
[PlyCount "108"]
[EventDate "2010.06.26"]
[EventType "swiss"]
[EventRounds "9"]
[EventCountry "POL"]
[SourceTitle "CBM 137 Extra"]
[Source "ChessBase"]
[SourceDate "2010.09.01"]
[SourceVersion "1"]
[SourceVersionDate "2010.09.01"]
[SourceQuality "1"]

1. b3 d5 2. Bb2 c5 3. e3 Nc6 4. Bb5 Qb6 5. a4 a6 6. a5 Qc7 7. Bxc6+ Qxc6 8. Nf3 Nf6 9. Ne5 Qd6 10. d3 g6 11. h3 Bg7 12. f4 0-0 13. Nd2 Nd7 14. Nxd7 Bxd7 15. Bxg7 Kxg7 16. 0-0 e5 17. Qf3 f5 18. c4 Be6 19. cxd5 Bxd5 20. fxe5 Qxe5 21. Nc4 Qe6 22. Qf4 Bxc4 23. bxc4 Rae8 24. Qc7+ Rf7 25. Qxc5 Qxe3+ 26. Qxe3 Rxe3 27. Rf3 Rxf3 28. gxf3 Kf6 29. d4 Kg5 30. Kf2 Kf4 31. Rd1 Rc7 32. c5 g5 33. Ke2 h5 34. Kd3 h4 35. Kc4 Kxf3 36. Rf1+ Kg2 37. Rxf5 Rg7 38. d5 Kxh3 39. d6 g4 40. Re5 g3 41. Re7 Rg4+ 42. Kc3 Rg8 43. Rxb7 g2 44. Rb1 Kg3 45. c6 h3 46. c7 h2 47. Rb8 Rg4 48. c8Q h1Q 49. d7 Qc1+ 50. Kb3 Qe3+ 51. Kb2 g1Q 52. d8Q Qgf2+ 53. Qc2 Qxc2+ 54. Kxc2 Rc4+ 0-1